Oil palm stem cultivation: Review of research. FRIM Research pamphlet No. 107 (Record no. 43654)

MARC details
000 -LEADER
fixed length control field 00317nam a2200109Ia 4500
082 ## - DEWEY DECIMAL CLASSIFICATION NUMBER
Classification number 634.614
Item number SHA
245 #0 - TITLE STATEMENT
Title Oil palm stem cultivation: Review of research. FRIM Research pamphlet No. 107
260 ## - PUBLICATION, DISTRIBUTION, ETC. (IMPRINT)
Place of publication Kuala Lumpur
Name of publisher FRIM
Year of publication 1991
700 ## - ADDED ENTRY--PERSONAL NAME
Personal name Shaari, K
942 ## - ADDED ENTRY ELEMENTS (KOHA)
Koha item type Books
Holdings
Withdrawn status Lost status Damaged status Not for loan Home library Current library Date acquired Source of acquisition Full call number Accession Number Koha item type
        RRII Library RRII Library 16/12/2021 Gift 634.614 SHA G00405 Books